| 000 | 00551nam a22001817a 4500 | ||
|---|---|---|---|
| 999 |
_c8400 _d8400 |
||
| 008 | 201118b ||||| |||| 00| 0 eng d | ||
| 040 | _aBMS College of Architecture | ||
| 100 | _aTarunya, V M | ||
| 245 | _aChalukya nivasa: rural tourism centre - Aihole | ||
| 300 | _aNA | ||
| 500 | _a1BM15AT109 | ||
| 502 |
_8B,Arch _NBMS College of Architecture, Visvesvaraya Technological University(VTU) _aProject report _d2019 |
||
| 650 | _aRural | ||
| 650 | _aTourism | ||
| 700 |
_aYogeshwari K _eGuide |
||
| 700 |
_aLakshmy Poorna _eGuide |
||
| 942 |
_2ddc _cTHE |
||